Desarrollo de una aplicación web para la gestión y análisis del fútbol colombiano / (Registro nro. 49062)

Detalles MARC
000 -LEADER
fixed length control field 02506nam a2200241 4500
005 - DATE AND TIME OF LATEST TRANSACTION
control field 20250626211118.0
008 - FIXED-LENGTH DATA ELEMENTS--GENERAL INFORMATION
fixed length control field 170718s2025 000 0 eng d
040 ## - CATALOGING SOURCE
Original cataloging agency CO-CtgCURN
Language of cataloging spa
Transcribing agency coctgcurn
082 0# - DEWEY DECIMAL CLASSIFICATION NUMBER
Classification number TSI 2025
Item number C257
100 1# - MAIN ENTRY--PERSONAL NAME
Personal name Guzmán Martelo, Camilo Andrés.
245 10 - TITLE STATEMENT
Title Desarrollo de una aplicación web para la gestión y análisis del fútbol colombiano /
Statement of responsibility, etc. Michael Andrés Carabali; Joce Angel Blanco Polo ; Asesor:Carlos Garzón; Udualdo Herrera.
260 ## - PUBLICATION, DISTRIBUTION, ETC.
Place of publication, distribution, etc. Cartagena de Indias :
Name of publisher, distributor, etc. Corporación Universitaria Rafael Nuñez,
Date of publication, distribution, etc. 2025.
300 ## - PHYSICAL DESCRIPTION
Extent 35 hojas.
504 ## - BIBLIOGRAPHY, ETC. NOTE
Bibliography, etc. note Trabajo de grado (Tecnologo en sistemas de información y software). Corporación Universitaria Rafael Nuñez. Facultad de ingenieria de sistema. Tecnologia en sistema de información y software, 2025.
520 ## - SUMMARY, ETC.
Summary, etc. "El presente proyecto tiene como propósito el desarrollo de una aplicación web orientada a la gestión, visualización y análisis de información sobre el fútbol colombiano. Surge como respuesta a la necesidad identificada de contar con una plataforma que permita acceder de forma centralizada, clara y accesible a datos relacionados con equipos, partidos, estadísticas y contenido multimedia, frente a la dispersión y desorganización de la información existente en plataformas actuales.La aplicación se diseñó para usuarios como aficionados, periodistas deportivos y entrenadores, quienes requieren consultar datos de manera rápida y eficiente. Para su construcción se utilizó una combinación de tecnologías web como HTML, CSS y JavaScript, junto con herramientas como Firebase (para autenticación y base de datos) y Google Drive (para el almacenamiento de contenido visual). La plataforma incluye funciones como registro e inicio de sesión de usuarios, simulación de ascenso y descenso de equipos, visualización de estadísticas básicas y reproducción de videos de goles, además de la integración de un widget oficial de Dimayor para mostrar partidos en tiempo real."
650 #0 - SUBJECT ADDED ENTRY--TOPICAL TERM
Topical term or geographic name entry element Sistemas de información y software
General subdivision Tesis y disertaciones academicas.
700 1# - ADDED ENTRY--PERSONAL NAME
Personal name Blanco Polo, Joce Angel.
700 1# - ADDED ENTRY--PERSONAL NAME
Personal name Garzón, Carlos,
Relator term asesor.
700 1# - ADDED ENTRY--PERSONAL NAME
Personal name Herrera, Udualdo,
Relator term asesor.
856 ## - ELECTRONIC LOCATION AND ACCESS
Uniform Resource Identifier <a href="https://unicurn.sharepoint.com/:b:/s/biblioteca/EVXfDZ_LKSFBj9rKn8VRVhcBddDaA25g3Kr9R19ctAcJmA?e=HYlspZ">https://unicurn.sharepoint.com/:b:/s/biblioteca/EVXfDZ_LKSFBj9rKn8VRVhcBddDaA25g3Kr9R19ctAcJmA?e=HYlspZ</a>
Public note Click aqui para ver el recurso en texto completo
942 ## - ADDED ENTRY ELEMENTS (KOHA)
Classification part TSI 2025
Item part C257
Source of classification or shelving scheme Dewey Decimal Classification
Koha item type Trabajos de grado
Existencias
Withdrawn status Lost status Damaged status Not for loan Collection Home library Current library Shelving location Date acquired Cost, normal purchase price Inventory number Total checkouts Full call number Barcode Date last seen Price effective from Koha item type
        Trabajos de grado Miguel Henríquez Castañeda Miguel Henríquez Castañeda Trabajo de grado 09/23/2018 35000.00 025572   TSI 2025 C257 025572 06/26/2025 06/26/2025 Trabajos de grado